| 000 | 00000nam##2200000za#4500 |
| 001 | 9.572730 |
| 003 | CaOODSP |
| 005 | 20210624183346 |
| 007 | cr ||||||||||| |
| 008 | 150406|2007||||xxc|||||o f|0| 0 eng|d |
| 022 | |a1701-1280 |
| 040 | |aCaOODSP|beng |
| 043 | |an-cn--- |
| 086 | 1 |aFs70-4/2007-010E-PDF |
| 110 | 1 |aCanada. |bDepartment of Fisheries and Oceans. |
| 245 | 10|aReview of the protocol for the detection and relocation of freshwater mussel species at risk in Ontario Great Lakes Area (OGLA) : |h[electronic resource]|bCanada Centre for Inland Waters, Burlington, ON, May 11th, 2007 / |c[by] K. Martin and T. Morris. |
| 246 | 3 |aExamen du protocole pour la détection et la relocalisation des espèces de moules d’eau douce en péril dans la région des Grands Lacs de l’Ontario (RGLO) |
| 260 | |aWinnipeg - Manitoba : |bFisheries and Oceans Canada |cSeptember 2007. |
| 300 | |a22p.|breferences |
| 490 | 1 |aCanadian Science Advisory Secretariat proceedings series|x1701-1280|v2007/010 |
| 546 | |aChiefly English, with bilingual foreword and summary. |
| 590 | |a11-32-Supp|b2011-12-20 |
| 720 | 1 |aMorris, T. |
| 720 | 1 |aMartin, K. |
| 830 | #0|aProceedings series (Canadian Science Advisory Secretariat)|x1701-1280|v2007/010|w(CaOODSP)9.506483 |
| 856 | 40|ahttp://publications.gc.ca|qPDF|s109 KB|uhttps://publications.gc.ca/collections/collection_2011/mpo-dfo/Fs70-4-2007-010-eng.pdf|y2007/010 |